Annual Report 1998 Národná banka Slovenska

Enregistré dans:
Détails bibliographiques
Format: Livre
Langue:anglais
Publié: Bratislava Národná banka Slovenska 1999
Sujets:
Tags: Ajouter un tag
Pas de tags, Soyez le premier à ajouter un tag!

MARC

LEADER 00000nam a2200000 4500
001 c114151
005 20230116124637.5
041 0 |a eng 
044 |a SK 
245 1 0 |a Annual Report 1998  |b Národná banka Slovenska 
264 1 |a Bratislava  |b Národná banka Slovenska  |c 1999 
300 |a 149 s. 
610 2 0 |a banky 
610 2 0 |a bankovníctvo